| 000 | 01740cam a22004695a 4500 | ||
|---|---|---|---|
| 001 | 30099 | ||
| 005 | 20230411085954.0 | ||
| 008 | 060717s2005 mx a 000 0 spa d | ||
| 035 | _a14455386 | ||
| 925 | 0 |
_aacquire _b1 shelf copies _xpolicy default |
|
| 942 |
_2lcc _cbk |
||
| 010 | _a2006429870 | ||
| 020 | _a9685957126 | ||
| 020 | _a0307274152 | ||
| 035 | _a(OCoLC)ocm62763899 | ||
| 040 |
_aLNQ _cLNQ _dLNQ _dPL# _dBAKER _dTEF _dDLC |
||
| 042 | _alccopycat | ||
| 097 | 0 | 0 |
_a300 D 848 _bF954s 2005 |
| 082 | 0 | 0 | _a909.82/6 |
| 100 | 1 |
_aFuentes, Carlos, _d1928- |
|
| 245 | 1 | 4 |
_aLos 68 : _bParís-Praga-México / _cCarlos Fuentes. |
| 246 | 3 | _aSesenta y ocho | |
| 250 | _a1. ed. | ||
| 260 |
_aMéxico, D.F. : _bDebate : _bRandom House Mondadori, _c2005. |
||
| 300 |
_a173 p. : _bill. : _c22 cm. |
||
| 490 | 1 | _aReferencias | |
| 650 | 0 | _aNineteen sixty-eight, A.D. | |
| 650 | 0 |
_aStudent movements _zFrance _xHistory. |
|
| 650 | 0 |
_aYouth _zFrance _xPolitical activity _xHistory. |
|
| 650 | 0 |
_aStudent movements _zCzechoslovakia _xHistory. |
|
| 650 | 0 |
_aYouth _zCzechoslovakia _xPolitical activity _xHistory. |
|
| 650 | 0 |
_aStudent movements _zMexico _xHistory. |
|
| 650 | 0 |
_aYouth _zMexico _xPolitical activity _xHistory. |
|
| 650 | 7 |
_aMovimientos estudiantiles _zFrancia _xHistoria. _2bidex |
|
| 650 | 7 |
_aJuventud _zFrancia _xActividades políticas _xHistoria. _2bidex |
|
| 650 | 7 |
_aMovimientos estudiantiles _zCzechoslovakia _xHistoria. _2bidex |
|
| 650 | 7 |
_aJuventud _zCzechoslovakia _xActividades políticas _xHistoria. _2bidex |
|
| 650 | 7 |
_aMovimientos estudiantiles _zMéxico _xHistoria. _2bidex |
|
| 650 | 7 |
_aJuventud _zMéxico _xActividades políticas _xHistoria. _2bidex |
|
| 830 | 0 | _aReferencias (Editorial Debate) | |
| 936 | _aPR62409912 | ||
| 999 |
_c110261 _d110261 |
||